000 nam a22 a 4500
999 _c147
_d147
003 PNM
005 20170420162520.0
008 070402t1991 my | g d 000 0 eng d
020 _a9676562548
040 _aAKMAL
082 0 4 _a499.2803 HAW
090 0 0 _a499.2803
_bHAW
100 0 _aHawkins, Joyce M.
_9344
245 1 0 _aKamus dwibahasa Oxford pelajar :
_bInggeris-Melayu Melayu-Inggeris /
_cJoyce M. Hawkins
250 _aEd. ke-3
260 _aShah Alam :
_bFajar Bakti,
_c2003
300 _a264ms. ;
_c17cm.
500 _aJudul asal bahasa Inggeris : The Oxford minidictionary
546 _aTeks sejajar bahasa Inggeris dan bahasa Malaysia
650 1 0 _aEnglish language
_vDictionaries
_xMalay
_9345
650 2 0 _aMalay language
_vDictionaries
_xEnglish
_9346
942 _2ddc
_cBOOK